| 000 | 00404nam a22001697a 4500 | ||
|---|---|---|---|
| 999 |
_c523573 _d523573 |
||
| 003 | NUST | ||
| 020 | _a9780140443707 | ||
| 038 | _awaseem | ||
| 082 |
_a895.134 _bXUE |
||
| 100 |
_aXueqin, Cao _914233 |
||
| 245 |
_aThe Story of the Stone / _cCao Xueqin |
||
| 250 | _aVolume III | ||
| 260 |
_aUnited State : _bPenguin Classics, _c1980. |
||
| 300 | _a637 p. ; | ||
| 500 | _aPaperback. | ||
| 942 |
_2ddc _cBK |
||